[Event "GER-chT U14"]
[Site "Verden"]
[Date "2015.12.28"]
[Round "3.3"]
[White "Haeusler, Luis"]
[Black "Knuedel, Torben"]
[Result "0-1"]
[WhiteElo "1390"]
[BlackElo "1701"]
[PlyCount "104"]
[EventDate "2015.12.27"]
[EventType "team-swiss"]
[EventRounds "7"]
[EventCountry "GER"]
[SourceTitle "EXT 2017"]
[Source "ChessBase"]
[SourceDate "2016.10.25"]
[SourceVersion "1"]
[SourceVersionDate "2016.10.25"]
[SourceQuality "1"]
[WhiteTeam "Stetten"]
[BlackTeam "Uelzen Post"]
[WhiteTeamCountry "GER"]
[BlackTeamCountry "GER"]

1. e4 d5 2. exd5 Nf6 3. Nf3 Nxd5 4. d4 Bg4 5. Bc4 e6 6. 0-0 Nc6 7. c3 Bd6 8. Re1 0-0 9. Nbd2 Qd7 10. Qc2 Bf5 11. Ne4 Be7 12. Bd3 Bg6 13. h4 Nf6 14. Ne5 Nxe5 15. dxe5 Nxe4 16. Bxe4 c6 17. h5 Bxe4 18. Qxe4 Bc5 19. Qg4 f6 20. Be3 Bxe3 21. Rxe3 f5 22. Rd1 Qe7 23. Qe2 Rad8 24. Red3 a6 25. Qd2 Rxd3 26. Qxd3 Rf7 27. Qd8+ Qf8 28. Qxf8+ Rxf8 29. Rd6 Re8 30. Rd7 Rb8 31. Re7 Kf8 32. Rxe6 Rd8 33. Rd6 Rxd6 34. exd6 Ke8 35. Kh2 Kd7 36. Kg3 Kxd6 37. Kf4 Ke6 38. c4 c5 39. Ke3 g5 40. hxg6 hxg6 41. f4 Kf6 42. Kf3 g5 43. g4 gxf4 44. Kxf4 fxg4 45. Kxg4 Ke5 46. b3 a5 47. Kf3 Kd4 48. Kf4 a4 49. Kf5 axb3 50. axb3 Kc3 51. Ke4 Kxb3 52. Kd3 Kb4 0-1

[Event "GER-chT U14"]
[Site "Verden"]
[Date "2015.12.28"]
[Round "4.3"]
[White "Kartsev, Nikolaj"]
[Black "Haeusler, Luis"]
[Result "1/2-1/2"]
[WhiteElo "1705"]
[BlackElo "1390"]
[PlyCount "110"]
[EventDate "2015.12.27"]
[EventType "team-swiss"]
[EventRounds "7"]
[EventCountry "GER"]
[SourceTitle "EXT 2017"]
[Source "ChessBase"]
[SourceDate "2016.10.25"]
[SourceVersion "1"]
[SourceVersionDate "2016.10.25"]
[SourceQuality "1"]
[WhiteTeam "Brackel"]
[BlackTeam "Stetten"]
[WhiteTeamCountry "GER"]
[BlackTeamCountry "GER"]

1. e4 c5 2. Nf3 d6 3. d4 cxd4 4. Nxd4 Nf6 5. Nc3 a6 6. f3 e6 7. Be3 Be7 8. Bc4 b5 9. Bb3 Bb7 10. Qd2 Nbd7 11. Bxe6 fxe6 12. Nxe6 Qc8 13. Nxg7+ Kd8 14. Nf5 Qc6 15. Nd4 Qc4 16. Nf5 d5 17. exd5 Nxd5 18. Nxd5 Qxd5 19. Qxd5 Bxd5 20. 0-0-0 Bb7 21. Bb6+ Ke8 22. Ng7+ Kf8 23. Rxd7 Bc8 24. Rc7 Bd8 25. Bc5+ Kg8 26. Rc6 Bb7 27. Rd6 Be7 28. Rd7 Bxc5 29. Rxb7 Ra7 30. Rxa7 Bxa7 31. Rd1 Be3+ 32. Kb1 Kxg7 33. Rd7+ Kf6 34. Rd6+ Ke7 35. Rd1 Kf6 36. Rd6+ Ke7 37. Rd3 Bh6 38. b3 Rd8 39. Rxd8 Kxd8 40. c4 bxc4 41. bxc4 Kc7 42. Kc2 Bf4 43. h3 Bg3 44. Kb3 Kb6 45. Ka4 a5 46. c5+ Kxc5 47. Kxa5 h5 48. a4 h4 49. Ka6 Kc6 50. Ka7 Bf4 51. Ka6 Bb8 52. Ka5 Kc5 53. Ka6 Kc6 54. Ka5 Kc5 55. Ka6 Kc6 1/2-1/2

[Event "GER-chT U14"]
[Site "Verden"]
[Date "2015.12.27"]
[Round "1.3"]
[White "Haeusler, Luis"]
[Black "Meyling, Lennart"]
[Result "0-1"]
[WhiteElo "1390"]
[BlackElo "1700"]
[PlyCount "86"]
[EventDate "2015.12.27"]
[EventType "team-swiss"]
[EventRounds "7"]
[EventCountry "GER"]
[SourceTitle "EXT 2017"]
[Source "ChessBase"]
[SourceDate "2016.10.25"]
[SourceVersion "1"]
[SourceVersionDate "2016.10.25"]
[SourceQuality "1"]
[WhiteTeam "Stetten"]
[BlackTeam "Hamburger SK"]
[WhiteTeamCountry "GER"]
[BlackTeamCountry "GER"]

1. e4 c5 2. Nf3 Nf6 3. Nc3 d5 4. Bb5+ Bd7 5. Ne5 Bxb5 6. Nxb5 a6 7. Nc3 dxe4 8. 0-0 e6 9. Qe2 Bd6 10. Nc4 0-0 11. Nxe4 Bc7 12. d3 b5 13. Ncd2 Nc6 14. Nxf6+ Qxf6 15. Ne4 Qh4 16. g3 Nd4 17. Qd1 Qd8 18. c3 Nc6 19. Nxc5 Qd5 20. d4 e5 21. Nb3 exd4 22. Nxd4 Rad8 23. Be3 Ne5 24. Bf4 Bb6 25. Bxe5 Qxe5 26. Nc6 Rxd1 27. Nxe5 Rd2 28. Rad1 Bxf2+ 29. Kh1 Rfd8 30. Rxd2 Rxd2 31. Ng4 Bc5 32. b4 Bf8 33. Rf2 Rd1+ 34. Kg2 Rc1 35. Rf3 Rc2+ 36. Kh3 h5 37. Ne5 f6 38. Ng6 Bd6 39. Nf4 Bxf4 40. Rxf4 Kf7 41. a4 g5 42. Re4 g4+ 43. Kh4 Rxh2# 0-1

[Event "GER-ch Net qual3 U14"]
[Site "Playchess.com INT"]
[Date "2011.05.08"]
[Round "4"]
[White "Hoffmann, Tim"]
[Black "Haeusler, Luis"]
[Result "1-0"]
[WhiteElo "2002"]
[BlackElo "1309"]
[PlyCount "45"]
[EventDate "2011.05.08"]
[EventType "swiss (blitz)"]
[EventRounds "7"]
[EventCountry "GER"]
[SourceTitle "CBM 142 Extra"]
[Source "ChessBase"]
[SourceDate "2011.06.27"]
[SourceVersion "1"]
[SourceVersionDate "2011.06.27"]
[SourceQuality "1"]

1. e4 c5 2. Nf3 Nc6 3. d4 cxd4 4. Nxd4 Nf6 5. Nc3 g6 6. Be3 Bg7 7. Bc4 0-0 8. Bb3 d6 9. f3 Bd7 10. Qd2 Nxd4 11. Bxd4 Qc7 12. 0-0 Rfc8 13. Bxf6 Bxf6 14. Nd5 Qc6 15. Nxf6+ exf6 16. c3 f5 17. Kh1 fxe4 18. fxe4 Qxe4 19. Bxf7+ Kg7 20. Bd5 Qg4 21. Rf7+ Kh8 22. Qh6 Qh5 23. Qg7# 1-0